000 00503nam a2200181Ia 4500
999 _c29144
_d29144
003 OSt
005 20210107114413.0
008 190216s9999||||xx |||||||||||||| ||und||
020 _a9788124011713
040 _coclc
082 _a894.8128
_bPRA/F
100 _aPrakash, K S
_97988
245 0 _aFolklorum Kavithayum /
_cK S Prakash
260 _bCurrent Books,
_aKottayam:
_c2004.
300 _a183p
650 _aPadanam
942 _cBK
_2ddc
_h894.8128
_iPRA/F
_k894.8128
_mPRA/F